Nghệ thuật cắm hoa = Tân phân hoa nghệ

Saved in:
Bibliographic Details
Main Author: Hồ Trường Long
Format: Book
Language:Undetermined
Published: Mỹ Thuật 2002
Subjects:
Tags: Add Tag
No Tags, Be the first to tag this record!
Institutions: Trung tâm Học liệu Trường Đại học Cần Thơ
LEADER 00583nam a2200181Ia 4500
001 CTU_54748
008 210402s9999 xx 000 0 und d
020 |b 24000 
082 |a 745.92 
082 |b L431 
100 |a Hồ Trường Long 
245 0 |a Nghệ thuật cắm hoa 
245 0 |b = Tân phân hoa nghệ 
245 0 |c Hồ Trường Long, Đới Giai Lâm và Hàn Vĩ; Nguyễn Kim Dân biên dịch 
260 |b Mỹ Thuật 
260 |c 2002 
650 |a flower arrangement 
980 |a Trung tâm Học liệu Trường Đại học Cần Thơ